There are ways around "pay now, argue later" (Record no. 83137)

MARC details
000 -LEADER
fixed length control field 00956cab a22001935a 4500
001 - CONTROL NUMBER
control field L152889
008 - FIXED-LENGTH DATA ELEMENTS--GENERAL INFORMATION
fixed length control field 110511e20110421xxk 000 0 eng d
035 ## - SYSTEM CONTROL NUMBER
System control number (Sirsi) u152889
041 0# - LANGUAGE CODE
Language code of text/sound track or separate title eng
100 1# - MAIN ENTRY--PERSONAL NAME
Personal name Merrett, Paul
245 00 - TITLE STATEMENT
Title There are ways around "pay now, argue later"
260 ## - PUBLICATION, DISTRIBUTION, ETC.
Date of publication, distribution, etc. 2011
490 ## - SERIES STATEMENT
Series statement Construction News
Volume/sequential designation (7214) 21 April 2011, 35(1)
520 ## - SUMMARY, ETC.
Summary, etc. If an adjudicator decides that you owe money to another party, regardless of whether you consider it right or wrong the decision is temporarily binding and must be complied with until either party commences court or arbitration proceedings to reassess and finally determine the dispute; The Construction Act; Straw Realisations v Shaftesbury House (Developments).
590 ## - LOCAL NOTE (RLIN)
Local note KA
651 #4 - SUBJECT ADDED ENTRY--GEOGRAPHIC NAME
Geographic name United Kingdom
Chronological subdivision
690 ## - LOCAL SUBJECT ADDED ENTRY--TOPICAL TERM (OCLC, RLIN)
Topical term or geographic name as entry element MANAGEMENT-DISPUTE AVOIDANCE, MANAGEMENT AND RESOLUTION-DISPUTE MANAGEMENT AND RESOLUTION-ALTERNATIVE DISPUTE RESOLUTION-ADJUDICATION
942 ## - ADDED ENTRY ELEMENTS (KOHA)
Suppress in OPAC 0
Holdings
Withdrawn status Lost status Source of classification or shelving scheme Damaged status Not for loan Home library Current library Shelving location Date acquired Total Checkouts Full call number Barcode Date last seen Copy number Price effective from Koha item type
    Dewey Decimal Classification     London London Journal article 11/05/2011   L152889 152889-1001 06/08/2019 1 06/08/2019 Journal article